N'oubliez pas les paroles! Édition Kyo - Statistiques

Statistiques générales
  • Ce quiz a été pris 95 fois
  • Le résultat moyen est 6 sur 15
Statistiques - réponses
Hint Réponse % Correct
"J'arrête de fumer et de boire chaque dimanche chaque semaine" Le Graal
97%
"Je l'ai connue trop tôt mais c'est pas d'ma faute" Dernière danse
95%
"La première nuit on s'emboite puis transpirant on se décolle" L'équilibre
50%
"Je peux voir ce matin un ange dans ma cuisine" Sarah
50%
"300 lésions et les rideaux se ferment, 21 grammes pris dans l'atmosphère" Poupées russes
47%
"Aveuglés par nos larmes on devient des pions" Contact
42%
"Il me dit que je suis belle qu'il a rarement vu ça" Stand Up
37%
"Pas la même ligne de départ pas la même ligne d'arrivée" Mon époque
36%
"Mais le soir les costumes retrouvent leurs cintres usés" Ton mec
36%
"Je peux rien prouver mais je le sens, mes lèvres posées sur le calice" Prends-le
27%
"Il n'y a rien de plus beau, que la nuit noire indigo" Margaux, Omar, Marlow
21%
"Le monde appartient aux autodidactes, le son et l'image craque" Ego
14%
"Oh que restait-il de nos rires aux éclats, de la confiance en l'avenir, de nos rêves d'autrefois ?" Il est temps
14%
"Des talons, des aiguilles, des flambeaux dans les cheveux, je capture la tour je ne clignerai plus des yeux" 7 vies
13%
"Y'a quelque chose qui tourne pas rond, c'est vrai l'amour a ses raisons mais eux, à l'abandon" C'est pas juste
13%
Aucun quiz correspondant
Distribution des résultats
% des personnes avec chaque résultat
Percentile par nombre de réponses
Votre historique - résultats
Vous n’avez pas pris ce quiz